Vietnam the land and the people.
محفوظ في:
| التنسيق: | كتاب |
|---|---|
| منشور في: |
Thế giới
2000
|
| الوسوم: |
إضافة وسم
لا توجد وسوم, كن أول من يضع وسما على هذه التسجيلة!
|
| Thư viện lưu trữ: | Mạng thư viện Đại học Đà Nẵng |
|---|
| LEADER | 00472nam a2200205 a 4500 | ||
|---|---|---|---|
| 001 | 000029172 | ||
| 003 | 6123 | ||
| 005 | 20171030145630.0 | ||
| 008 | 171030s2000 | ||
| 040 | |a LTT | ||
| 082 | 0 | |a 320.1 |b Vi-L | |
| 245 | 0 | 0 | |a Vietnam the land and the people. |
| 260 | |b Thế giới |c 2000 | ||
| OWN | |a LTT | ||
| 999 | |a From the UDN01 | ||
| TYP | |a Monograph | ||
| TYP | |a Printed language | ||
| 980 | |a Mạng thư viện Đại học Đà Nẵng | ||